40 Most Famous Cities in Finland on a Map - Statistics

General Stats
  • This quiz has been taken 287 times
  • The average score is 24 of 43
Answers on the Map
Answers color-coded by a green-red scale on the quiz's map according to % correct below.
 
Answer Stats
Wiki Monthly Views Cityquiz Mention Rate Population Answers % Correct
196.37K 58.25% 674.50K Helsinki
98%
55.17K 15.18% 201.86K Turku
94%
37.57K 11.14% 214.63K Oulu
93%
50.90K 11.17% 255.05K Tampere
92%
33.28K 6.42% 314.02K Espoo
91%
44.36K 6.44% 65.29K Rovaniemi
86%
18.43K 3.18% 247.44K Vantaa
81%
21.52K 5.54% 68.96K Vaasa
77%
22.22K 2.86% 147.75K Jyväskylä
73%
21.53K 4.41% 120.69K Lahti
70%
15.59K 2.98% 83.11K Pori
70%
19.54K 3.18% 124.02K Kuopio
69%
18.64K 2.79% 11.81K Mariehamn
67%
14.25K 2.31% 78.06K Joensuu
64%
11.74K 2.10% 50.50K Kotka
64%
21.22K 2.27% 72.99K Lappeenranta
63%
9.16K 1.95% 19.37K Kemi
57%
13.52K 1.35% 68.32K Hämeenlinna
55%
9.70K 1.33% 0.63K Inari
55%
10.14K 1.58% 78.88K Kouvola
55%
13.95K 2.18% 51.29K Porvoo
54%
10.28K 2.94% 51.92K Mikkeli
53%
10.46K 1.25% 66.16K Seinäjoki
52%
8.26K 1.89% 21.02K Tornio
52%
8.32K 1.13% 7.01K Hanko
51%
8.89K 1.38% 38.83K Rauma
50%
7.56K 2.45% 51.10K Salo
48%
8.52K 1.23% 36.51K Kajaani
46%
10.37K 1.47% 48.30K Kokkola
46%
9.10K 1.59% 35.65K Nokia
46%
10.62K 1.69% 8.30K Kuusamo
44%
5.30K 1.00% 0.34K Utsjoki
42%
9.16K 1.08% 31.84K Savonlinna
41%
8.26K 1.07% 24.92K Imatra
39%
7.22K 0.83% 19.53K Hamina
38%
6.85K 0.86% 3.07K Ivalo
38%
5.79K 0.72% 4.87K Sodankylä
38%
6.66K 0.75% 10.01K Uusikaupunki
36%
6.03K 0.85% 9.77K Ii
34%
6.06K 0.69% 45.65K Lohja
34%
6.90K 0.70% 2.23K Kittilä
32%
8.00K 0.73% 19.48K Jakobstad
28%
5.74K 0.91% 1.55K Salla
28%
No matching quizzes found
Score Distribution
Percent of People with Each Score
Percentile by Number Answered
Your Score History
You have not taken this quiz